| Tag |
First Indicator |
Second Indicator |
Subfields |
| LEADER |
00000cam a2200000 4500 |
| 001 |
in00000065363 |
| 005 |
20151008051829.0 |
| 008 |
721109c19551954dcu 00000 eng u |
| 010 |
|
|
|a 55009078
|
| 035 |
|
|
|a (OCoLC)00490481
|
| 035 |
|
|
|9 AAH0249AM
|
| 040 |
|
|
|c MIA
|d TXA
|d UtOrBLW
|
| 049 |
|
|
|a TXAM
|c [258030]
|
| 050 |
|
0 |
|a UB275
|b .L5 1955
|
| 092 |
|
|
|a 355.43
|b L754p2
|
| 100 |
1 |
|
|a Linebarger, Paul Myron Anthony,
|d 1913-1966.
|
| 245 |
1 |
0 |
|a Psychological warfare.
|
| 250 |
|
|
|a [2d ed.].
|
| 264 |
|
1 |
|a Washington :
|b Combat Forces Press,
|c [1955]
|
| 264 |
|
4 |
|c [©1954]
|
| 300 |
|
|
|a xv, 318 pages :
|b illustrations ;
|c 24 cm.
|
| 336 |
|
|
|a text
|b txt
|2 rdacontent
|
| 337 |
|
|
|a unmediated
|b n
|2 rdamedia
|
| 338 |
|
|
|a volume
|b nc
|2 rdacarrier
|
| 650 |
|
0 |
|a Psychological warfare.
|
| 999 |
|
|
|a MARS
|
| 999 |
f |
f |
|s dde77def-eb6d-3ac4-a9c0-abc472178da1
|i e23eb89f-33e3-39ec-8ed2-9161e41a3bd8
|t 0
|
| 952 |
f |
f |
|p ric
|a Texas A&M University
|b Rellis Campus
|c Joint Library Facility
|d Remote Storage
|t 0
|e UB275 .L5 1955
|h Library of Congress classification
|i unmediated -- volume
|m A14800805677
|
| 998 |
f |
f |
|a UB275 .L5 1955
|t 0
|l Remote Storage
|